| 000 | 00856cam a2200181 4500 | ||
|---|---|---|---|
| 001 | ABS61180 | ||
| 008 | 000000n1999 000 0 eng u | ||
| 035 | _a(Sirsi) u101771 | ||
| 100 | _aWhite, N. | ||
| 245 | _aTrying cases. | ||
| 260 | _ac1999 | ||
| 490 |
_aBuilding _v264(8103) 10 September 1999, 70(1) |
||
| 520 | _aExplains the meaning of the terms 'best endeavours' and 'reasonable endeavours' which appear as requirements in many contracts. The obligation imposed by either clause is nothing like an absolute obligation; 'reasonable endeavours' means very little. The extent of the obligation will depend upon the circumstances of each case and the courts are free to come to a decision that they consider fair. | ||
| 650 |
_aContracts _96232 |
||
| 650 | _aCONTRACT CLAUSES | ||
| 690 | _aBUILT ENVIRONMENT-BUILDING CONTRACT FORMS | ||
| 942 | _n0 | ||
| 999 |
_c60885 _d60885 |
||